SALUS, low-cost rural health care and health manpower training : an annotated bibliography with special emphasis on developing countries /

Bibliographic Details
Corporate Author: International Development Research Centre (Canada)
Other Authors: Bechtel, Rosanna M.
Format: Book
Language:English
Published: Ottawa : International Development Research Centre, 1981-
Subjects:

MARC

Tag First Indicator Second Indicator Subfields
LEADER 00000cam a2200000 a 4500
001 in00000103484
005 20150929180435.0
008 820130m1981 onc ab i00100 eng
010 |a  81188261  
015 |a C*** 
020 |a 0889362904 (pbk. : v. 7) 
035 |a (OCoLC)08196083 
035 |9 AAN2707AM 
039 0 |a 2  |b 3  |c 3  |d 3  |e 3 
040 |a DLC  |c DLC  |d TXA  |d UtOrBLW 
049 |a TXAM  |v 7 [952609]  |v 11 [A09118352] 
050 0 0 |a RA771  |b  S2 
082 0 |a 362.1/0425  |2 19 
245 0 0 |a SALUS, low-cost rural health care and health manpower training :  |b an annotated bibliography with special emphasis on developing countries /  |c  editor, Rosanna M. Bechtel ; abstracts written by Rosanna M. Bechtel [and others]. 
264 1 |a Ottawa :  |b International Development Research Centre,  |c 1981- 
300 |a volumes ;  |c 25 cm. 
336 |a text  |b txt  |2 rdacontent 
337 |a unmediated  |b n  |2 rdamedia 
338 |a volume  |b nc  |2 rdacarrier 
500 |a "IDRC-165e." 
500 |a Includes indexes. 
650 0 |a Rural health services  |x Abstracts. 
651 0 |a Developing countries  |x Public health  |x Abstracts. 
651 0 |a Developing countries  |x Community health services  |x Abstracts. 
651 0 |a Developing countries  |x Medical education  |x Abstracts. 
700 1 |a Bechtel, Rosanna M. 
710 2 |a International Development Research Centre (Canada) 
999 |a MARS 
999 f f |s 64b1090c-eb91-3d66-a433-8d635d082b1e  |i 289a7635-27e9-3e99-b726-632cefbcc56f  |t 0 
952 f f |p ric  |a Texas A&M University  |b Rellis Campus  |c Joint Library Facility  |d Remote Storage  |t 0  |e RA771 S2  |h Library of Congress classification  |i unmediated -- volume  |k v.7  |m A14806276648 
952 f f |p ric  |a Texas A&M University  |b Rellis Campus  |c Joint Library Facility  |d Remote Storage  |t 0  |e RA771 S2  |h Library of Congress classification  |i unmediated -- volume  |k v.11  |m A14809118352 
998 f f |a RA771 S2  |s v.7,v.11  |t 0  |l Remote Storage